[Event "Mittelrhein Verbandsliga-O 16/17"]
[Site "Nordrheinwestfalen"]
[Date "2017.01.08"]
[Round "6"]
[White "Mueller, Andreas"]
[Black "Faust, Maikel"]
[Result "1/2-1/2"]
[WhiteElo "1801"]
[BlackElo "1688"]
[PlyCount "52"]
[EventDate "2016.09.11"]
[EventType "team-tourn"]
[EventRounds "11"]
[EventCountry "GER"]
[SourceTitle "EXT 2022"]
[Source "ChessBase"]
[SourceDate "2021.10.06"]
[SourceVersion "1"]
[SourceVersionDate "2021.10.06"]
[SourceQuality "1"]
[WhiteTeam "Bergische SF II"]
[BlackTeam "Porz SG IV"]
[WhiteTeamCountry "GER"]
[BlackTeamCountry "GER"]

1. e4 e6 2. d4 d5 3. Nc3 Bb4 4. e5 c5 5. a3 Bxc3+ 6. bxc3 Qc7 7. Nf3 Nc6 8. Bd3 Nge7 9. 0-0 Bd7 10. a4 cxd4 11. cxd4 Nb4 12. Ba3 Nxd3 13. Qxd3 Rc8 14. Qd2 Qc3 15. Qf4 Ng6 16. Qg4 Bxa4 17. Nh4 b5 18. Bd6 Rd8 19. Rfb1 a6 20. Nxg6 hxg6 21. Qg5 Rd7 22. Qf4 Rh5 23. Ra3 Qc4 24. c3 Qd3 25. Rc1 Qf5 26. Qd2 Qg5 1/2-1/2

[Event "Cologne Longerich op 8th"]
[Site "Cologne"]
[Date "2011.08.14"]
[Round "4"]
[White "Klein, Markus1111"]
[Black "Faust, Maikel"]
[Result "0-1"]
[WhiteElo "1303"]
[BlackElo "1661"]
[PlyCount "96"]
[EventDate "2011.08.12"]
[EventType "swiss"]
[EventRounds "5"]
[EventCountry "GER"]
[SourceTitle "EXT 2017"]
[Source "ChessBase"]
[SourceDate "2016.10.25"]
[SourceVersion "1"]
[SourceVersionDate "2016.10.25"]
[SourceQuality "1"]

1. d4 e6 2. Nf3 c5 3. e3 Nf6 4. Nbd2 Nc6 5. dxc5 Bxc5 6. Nb3 Be7 7. Bd2 0-0 8. Be2 Ne4 9. 0-0 Qc7 10. Bd3 Nxd2 11. Nfxd2 d5 12. Rc1 Bf6 13. c3 Be5 14. Qh5 g6 15. Qh4 Bg7 16. f4 b6 17. Nd4 a6 18. N4f3 Qe7 19. Qg3 b5 20. Nd4 Bd7 21. N2f3 Rfe8 22. Rfe1 Rac8 23. Bc2 Qc5 24. Nb3 Qb6 25. Kh1 b4 26. Nbd4 Nxd4 27. cxd4 Rc7 28. Re2 Rec8 29. Qf2 Bb5 30. Rd2 Bf8 31. Rcd1 a5 32. Bd3 Bxd3 33. Rxd3 a4 34. h3 Rc2 35. R3d2 b3 36. a3 Qc7 37. Ne1 Rxd2 38. Qxd2 Qb6 39. Rc1 Rc6 40. Rxc6 Qxc6 41. Qe2 Qc1 42. Kh2 Qc4 43. Qd3 Bd6 44. Qd2 Kg7 45. Kg3 Kf6 46. Qd3 Bxa3 47. bxa3 b2 48. Qb1 Qc1 0-1